[Event "Koge Lang Jubilee Weekend Gr-4"]
[Site "Koge"]
[Date "2022.07.07"]
[Round "4"]
[White "Skjoldborg, Lasse Dahl"]
[Black "Larsen, Hans Haagen"]
[Result "0-1"]
[WhiteElo "1136"]
[BlackElo "1517"]
[PlyCount "82"]
[EventDate "2022.07.06"]
[EventType "swiss"]
[EventRounds "9"]
[EventCountry "DEN"]
[SourceTitle "EXT 2024"]
[Source "ChessBase"]
[SourceDate "2023.10.10"]
[SourceVersion "1"]
[SourceVersionDate "2023.10.10"]
[SourceQuality "1"]

1. e4 e6 2. d4 d5 3. e5 c5 4. c3 Ne7 5. Bb5+ Nd7 6. Nf3 Nc6 7. Nbd2 Qb6 8. c4 Nxd4 9. Nxd4 cxd4 10. Bxd7+ Bxd7 11. cxd5 exd5 12. 0-0 Bb5 13. Re1 Bc5 14. Nb3 Bb4 15. Bd2 Bxd2 16. Qxd2 d3 17. Nc1 0-0 18. Nxd3 Qd4 19. Rad1 Rfe8 20. b3 f6 21. e6 Rac8 22. a4 Bc6 23. Qc2 Qg4 24. h3 Qg6 25. Qd2 Re7 26. Nf4 Qe8 27. Qe3 Rd8 28. Qxa7 g5 29. Nd3 Rxe6 30. Rxe6 Qxe6 31. Qb6 Qd6 32. Rc1 d4 33. Nb4 Be4 34. Qxd6 Rxd6 35. Rc8+ Kg7 36. Rc7+ Kg6 37. Rc1 d3 38. f3 Bf5 39. g4 Be6 40. Rd1 d2 41. Kf2 Bxb3 0-1

[Event "Koge Weekend B"]
[Site "Koge"]
[Date "2019.05.04"]
[Round "2"]
[White "Refsgaard, Kaj"]
[Black "Skjoldborg, Lasse Dahl"]
[Result "1-0"]
[WhiteElo "1650"]
[BlackElo "1188"]
[PlyCount "51"]
[EventDate "2019.05.03"]
[EventType "tourn"]
[EventRounds "5"]
[EventCountry "DEN"]
[SourceTitle "EXT 2020"]
[Source "ChessBase"]
[SourceDate "2019.10.17"]
[SourceVersion "1"]
[SourceVersionDate "2019.10.17"]
[SourceQuality "1"]

1. d4 d5 2. Bf4 Nc6 3. e3 h6 4. Nf3 Bf5 5. c3 a6 6. Nbd2 e6 7. Ne5 Bd6 8. Nxc6 bxc6 9. Bg3 Bxg3 10. hxg3 Qd6 11. g4 Bg6 12. Nf3 f6 13. Bd3 Bf7 14. g5 fxg5 15. Nxg5 Nf6 16. Qc2 c5 17. Bg6 Bxg6 18. Qxg6+ Kd7 19. Nf7 Qb6 20. Ne5+ Kc8 21. Qxg7 Rg8 22. Qxf6 Rxg2 23. 0-0-0 Rb8 24. Rd2 cxd4 25. exd4 Kb7 26. Nd7 1-0

[Event "Koge Weekend B"]
[Site "Koge"]
[Date "2019.05.04"]
[Round "3"]
[White "Skjoldborg, Lasse Dahl"]
[Black "Meskenas, Vaidas"]
[Result "0-1"]
[WhiteElo "1188"]
[BlackElo "1342"]
[PlyCount "46"]
[EventDate "2019.05.03"]
[EventType "tourn"]
[EventRounds "5"]
[EventCountry "DEN"]
[SourceTitle "EXT 2020"]
[Source "ChessBase"]
[SourceDate "2019.10.17"]
[SourceVersion "1"]
[SourceVersionDate "2019.10.17"]
[SourceQuality "1"]

1. e4 e5 2. Nf3 Nc6 3. Bc4 Bc5 4. Nc3 h6 5. a3 Nf6 6. h3 a6 7. b4 Bd4 8. Bb2 Bxc3 9. Bxc3 Nxe4 10. Bxe5 Nxe5 11. Nxe5 Qe7 12. Qf3 Ng5 13. Qe2 b5 14. Bb3 d6 15. h4 dxe5 16. hxg5 Qxg5 17. Qf3 Rb8 18. Qxf7+ Kd8 19. 0-0-0 e4 20. Rh5 Qe7 21. Qd5+ Bd7 22. Re5 Qf6 23. Rxe4 Qa1# 0-1